<?xml version="1.0" encoding="UTF-8"?>
<record
    xmlns:xsi="http://www.w3.org/2001/XMLSchema-instance"
    xsi:schemaLocation="http://www.loc.gov/MARC21/slim http://www.loc.gov/standards/marcxml/schema/MARC21slim.xsd"
    xmlns="http://www.loc.gov/MARC21/slim">

  <leader>01405cam a2200313 i 4500</leader>
  <controlfield tag="001">17982071</controlfield>
  <controlfield tag="003">3228</controlfield>
  <controlfield tag="005">20230117094851.0</controlfield>
  <controlfield tag="008">131226s2012    sa a     b    001 0 eng d</controlfield>
  <datafield tag="020" ind1=" " ind2=" ">
    <subfield code="a">9781919895697</subfield>
  </datafield>
  <datafield tag="040" ind1=" " ind2=" ">
    <subfield code="c">rda</subfield>
  </datafield>
  <datafield tag="043" ind1=" " ind2=" ">
    <subfield code="a">-sa---</subfield>
  </datafield>
  <datafield tag="082" ind1="0" ind2="4">
    <subfield code="a">692.5 CATT</subfield>
    <subfield code="2">23</subfield>
  </datafield>
  <datafield tag="100" ind1="1" ind2=" ">
    <subfield code="a">Cattell, David,</subfield>
    <subfield code="d">1961-</subfield>
    <subfield code="9">175222</subfield>
  </datafield>
  <datafield tag="245" ind1="1" ind2="0">
    <subfield code="a">Construction item pricing :</subfield>
    <subfield code="b">for more profit and less risk /</subfield>
    <subfield code="c">by David Cattell.</subfield>
  </datafield>
  <datafield tag="246" ind1="1" ind2="0">
    <subfield code="a">Construction item pricing for more profit and less risk</subfield>
  </datafield>
  <datafield tag="264" ind1=" " ind2="1">
    <subfield code="a">Claremont, South Africa :</subfield>
    <subfield code="b">UCT Press,</subfield>
    <subfield code="c">2012.</subfield>
  </datafield>
  <datafield tag="300" ind1=" " ind2=" ">
    <subfield code="a">xviii, 150 pages :</subfield>
    <subfield code="b">illustration ;</subfield>
    <subfield code="c">23 cm. +</subfield>
    <subfield code="e">1 CD-ROM (4 3/4 in.)</subfield>
  </datafield>
  <datafield tag="336" ind1=" " ind2=" ">
    <subfield code="a">text</subfield>
    <subfield code="2">rdacontent</subfield>
  </datafield>
  <datafield tag="337" ind1=" " ind2=" ">
    <subfield code="a">unmediated</subfield>
    <subfield code="2">rdamedia</subfield>
  </datafield>
  <datafield tag="338" ind1=" " ind2=" ">
    <subfield code="a">volume</subfield>
    <subfield code="2">rdacarrier</subfield>
  </datafield>
  <datafield tag="504" ind1=" " ind2=" ">
    <subfield code="a">Includes bibliographical references (pages 145) and index.</subfield>
  </datafield>
  <datafield tag="505" ind1="0" ind2=" ">
    <subfield code="a">Background -- Other unbalanced bidding models -- Modelling a project's revenue -- Modelling a project's risk -- Modern portfolio theory -- Cumulative prospect theory -- Software for testing the model -- Testing the model -- Conclusions and recommendations.</subfield>
  </datafield>
  <datafield tag="650" ind1=" " ind2="0">
    <subfield code="a">Building</subfield>
    <subfield code="x">Estimates</subfield>
    <subfield code="x">Data processing.</subfield>
    <subfield code="9">175223</subfield>
  </datafield>
  <datafield tag="650" ind1=" " ind2="0">
    <subfield code="a">Building</subfield>
    <subfield code="x">Estimates</subfield>
    <subfield code="x">Data processing</subfield>
    <subfield code="v">Software.</subfield>
    <subfield code="9">175224</subfield>
  </datafield>
  <datafield tag="650" ind1=" " ind2="0">
    <subfield code="a">Construction industry</subfield>
    <subfield code="x">Costs</subfield>
    <subfield code="x">Data processing.</subfield>
    <subfield code="9">175225</subfield>
  </datafield>
  <datafield tag="650" ind1=" " ind2="0">
    <subfield code="a">Construction industry</subfield>
    <subfield code="x">Costs</subfield>
    <subfield code="x">Data processing</subfield>
    <subfield code="v">Software.</subfield>
    <subfield code="9">175226</subfield>
  </datafield>
  <datafield tag="942" ind1=" " ind2=" ">
    <subfield code="2">ddc</subfield>
    <subfield code="c">BOOK</subfield>
    <subfield code="w">169</subfield>
    <subfield code="x">Boniswa Ngcongolo</subfield>
    <subfield code="y">169</subfield>
    <subfield code="z">Boniswa Ngcongolo</subfield>
  </datafield>
  <datafield tag="999" ind1=" " ind2=" ">
    <subfield code="c">742944</subfield>
    <subfield code="d">742943</subfield>
  </datafield>
  <datafield tag="952" ind1=" " ind2=" ">
    <subfield code="0">0</subfield>
    <subfield code="1">0</subfield>
    <subfield code="2">ddc</subfield>
    <subfield code="4">0</subfield>
    <subfield code="7">0</subfield>
    <subfield code="8">600</subfield>
    <subfield code="a">ERMEL</subfield>
    <subfield code="b">CAROL</subfield>
    <subfield code="c">GEN</subfield>
    <subfield code="d">2023-01-17</subfield>
    <subfield code="o">692.5 CATT</subfield>
    <subfield code="p">33228031003265</subfield>
    <subfield code="r">2023-01-17</subfield>
    <subfield code="w">2023-01-17</subfield>
    <subfield code="y">BOOK</subfield>
  </datafield>
</record>
